00215nam a2200085Ia 4500008004100000100001400041245004800055260001100103999001500114170524s9999 xx 000 0 und d aGILL-P.S. 0a A TEXTBOOK OF AUTOMOBILE ENGINEERING - III bKASTON c7663d7663